00918nam a2200241 a 450000100100000000500170001000800410002702000150006804000250008308200200010810000360012824501240016426000580028830000210034649000200036765000320038765000340041970000460045383000270049904900090052695201240053599900170065900001939220200929170014.0100628s2002 mx r 000 f spa d a9688346004 aDO-SdBNPbspacBNPHU a828.9343bR845t1 aRoth, Joseph,d1894-193994164413aEl triunfo de la Belleza :breportajes sentimentales /cJoseph Roth ; prólogo y traducción Javier García-Galiano. aVeracruz, México :bUniversidad Verecruzana,c2002. a123 p. ;c17 cm.1 aFicción breve 4aCuentos australianos941645 4aLiteratura australiana9114801 aGarcía-Galiano, Javier,epról.941646 0aFicción breve941647 aBNGR 001054708MOaGRbGRcCTd2010-06-28iLF1l0o828.9343 R845tp19392-10r2020-06-25w2020-06-25y4ZPréstamo en sala c18908d18908